Ուսանողության գիտահետազոտական ներուժի բացահայտումը՝ որակյալ կրթության ու լավագույն փորձի համադրմամբ ։ (Record no. 526651)
[ view plain ]
| 000 -LEADER | |
|---|---|
| fixed length control field | 01642nam a2200265 a 4500 |
| 001 - CONTROL NUMBER | |
| control field | 1802504 |
| 003 - CONTROL NUMBER IDENTIFIER | |
| control field | AM-YEHGA |
| 005 - DATE AND TIME OF LATEST TRANSACTION | |
| control field | 20250618080108.0 |
| 008 - FIXED-LENGTH DATA ELEMENTS--GENERAL INFORMATION | |
| fixed length control field | 211111s2021 ai a||||r|||||||||0|arm|d |
| 020 ## - INTERNATIONAL STANDARD BOOK NUMBER | |
| International Standard Book Number | 9789939873091 |
| 040 ## - CATALOGING SOURCE | |
| Original cataloging agency | AM-YeHGA |
| 041 0# - LANGUAGE CODE | |
| Language code of text/sound track or separate title | arm |
| -- | rus |
| -- | eng |
| 090 ## - LOCALLY ASSIGNED LC-TYPE CALL NUMBER (OCLC); LOCAL CALL NUMBER (RLIN) | |
| -- | 564267 |
| 245 00 - TITLE STATEMENT | |
| Title | Ուսանողության գիտահետազոտական ներուժի բացահայտումը՝ որակյալ կրթության ու լավագույն փորձի համադրմամբ ։ |
| Remainder of title | Միջբուհական ուսանողական գիտաժողովի նյութեր ։ 3 փետրվարի, 2021թ. / |
| Statement of responsibility, etc. | Խմբ.՝ Գ. Հակոբյան ; Հյուսիսային համալսարան. |
| 260 ## - PUBLICATION, DISTRIBUTION, ETC. | |
| Place of publication, distribution, etc. | Երևան : |
| Name of publisher, distributor, etc. | Հյուսիսային համալսարան, |
| Date of publication, distribution, etc. | 2021. |
| 300 ## - PHYSICAL DESCRIPTION | |
| Extent | 264 էջ ։ |
| Other physical details | նկ. ; |
| Dimensions | 20 սմ. |
| 504 ## - BIBLIOGRAPHY, ETC. NOTE | |
| Bibliography, etc. note | Տողատակում՝ մատենագիտական ծանոթագրություններ ։ Հոդվածներից հետո՝ ամփոփում ։ |
| 546 ## - LANGUAGE NOTE | |
| Language note | Բնագիրը՝ հայերեն ; Ամփոփումը՝ հայերեն, ռուսերեն, անգլերեն ։ |
| 650 14 - SUBJECT ADDED ENTRY--TOPICAL TERM | |
| Topical term or geographic name entry element | Ուսանողներ |
| Form subdivision | Գիտաժողովներ |
| 650 14 - SUBJECT ADDED ENTRY--TOPICAL TERM | |
| Topical term or geographic name entry element | Ուսանողներների լրացուցիչ կրթություն |
| 9 (RLIN) | 711 |
| 700 1# - ADDED ENTRY--PERSONAL NAME | |
| Personal name | Հակոբյան, Գ. |
| Relator term | խմբ. |
| 9 (RLIN) | 5548 |
| 710 2# - ADDED ENTRY--CORPORATE NAME | |
| Corporate name or jurisdiction name as entry element | Հյուսիսային համալսարան |
| 9 (RLIN) | 8825 |
| 711 2# - ADDED ENTRY--MEETING NAME | |
| Meeting name or jurisdiction name as entry element | Ուսանողության գիտահետազոտական ներուժի բացահայտումը՝ որակյալ կրթության ու լավագույն փորձի համադրմամբ |
| Date of meeting or treaty signing | (3 փետրվարի, 2021թ.) |
| 942 ## - ADDED ENTRY ELEMENTS (KOHA) | |
| Source of classification or shelving scheme | Universal Decimal Classification |
| Koha item type | Գրքեր / Books |
| Withdrawn status | Lost status | Source of classification or shelving scheme | Damaged status | Not for loan | Collection | Home library | Current library | Date acquired | Total checkouts | Full call number | Barcode | Date last seen | Price effective from | Koha item type | Public note |
|---|---|---|---|---|---|---|---|---|---|---|---|---|---|---|---|
| Universal Decimal Classification | General | Fundamental Scientific Library | Fundamental Scientific Library | 16/12/2022 | AII/109131 | FL0677763 | 16/12/2022 | 16/12/2022 | Գրքեր / Books | 30 Days Loan |
ՀՀ Գիտությունների ազգային ակադեմիայի հիմնարար գիտական գրադարան = Fundamental Scientific Library of NAS RA
All site content, except where otherwise noted, is licensed under a